Score 0/24 Timer 04:00
0 Plays Today
Actor/Actress Missing Word % Correct
Audrey TautouCode
97.9%
Vincent CasselBeauty
96.2%
Vincent CasselBlack
95.7%
Gérard DepardieuLife
93.8%
Jean RenoMission
93.5%
Jean RenoPink
92.7%
Gérard DepardieuIron
92.3%
Juliette BinocheEnglish
91%
Marion CotillardKnight
82.2%
Gérard DepardieuCyrano
76.2%
Juliette BinocheBeing
67.5%
Marion CotillardRose
67.4%
Actor/Actress Missing Word % Correct
Marion CotillardMidnight
61.2%
Jean RenoNikita
61%
Jean RenoProfessional
60.1%
Audrey TautouLong
56.1%
Audrey TautouChanel
53.8%
Vincent CasselOcean's
52.9%
Juliette BinocheEntering
46.1%
Juliette BinocheColors
41.3%
Marion CotillardFish
34%
Audrey TautouPretty
32.8%
Gérard DepardieuConquest
22.4%
Vincent CasselDangerous
21.1%

Today's Daily Dose

Remove Ads.
Support Sporcle.
Get the best of Sporcle when you Go Orange. This ad-free experience offers more features, more stats, and more fun while also helping to support Sporcle. Thank you for becoming a member.

You're not logged in!

Compare scores with friends on all Sporcle quizzes.
OR
Log In

Show Comments

Extras

Top Quizzes Today


Score Distribution

Your Account Isn't Verified!

In order to create a playlist on Sporcle, you need to verify the email address you used during registration. Go to your Sporcle Settings to finish the process.

Report this User

Report this user for behavior that violates our Community Guidelines.

Details: